| 000 | 01238nam a22003377a 4500 | ||
|---|---|---|---|
| 003 | CHAP | ||
| 005 | 20220817043402.0 | ||
| 008 | 971013s1979 mx a r 00010 spa d | ||
| 010 | _a73975 | ||
| 011 | _a74947 | ||
| 035 | _a84506 | ||
| 040 | _cCHAP | ||
| 090 | _aTesis | ||
| 100 | 0 | 0 |
_aGarza Flores, Jesús Alberto. _947048 |
| 245 | 1 | _aBases para la aplicación de inversiones públicas para el desarrollo del ejido Agua de la Mula, municipio de General Cepeda, estado de Coahuila | |
| 260 |
_aMonterrey, N.L. : _bEl autor, _c1979 |
||
| 300 |
_a91 h. _b: gráfs. ; mapas |
||
| 502 | _aTesis (Ing. Agrónomo Fitotecnista) -- Univ. Autónoma de Nuevo León. Fac. de Agronomía | ||
| 590 |
_aALEPH _b10 _c20130110 _lUCH01 _h1417 |
||
| 590 |
_aBATCH-UPD _b10 _c20130110 _lUCH01 _h0545 |
||
| 590 |
_aBATCH-UPD _b10 _c20130410 _lUCH01 _h0226 |
||
| 590 |
_aBATCH-UPD _b10 _c20130914 _lUCH01 _h0952 |
||
| 590 |
_aCONVERSION _b10 _c20130109 _lUCH01 _h1340 |
||
| 650 | 1 | 4 |
_aAgricultura _xFinanzas _xCoahuila. _91490 |
| 650 | 1 | 4 |
_aCoahuila _xCondiciones económicas. |
| 650 | 1 | 4 |
_aCoahuila _xCondiciones sociales. _923979 |
| 650 | 1 | 4 |
_aEjido Agua de la Mula, Coah. _935841 |
| 901 | _aBK | ||
| 942 | _cTESIS | ||
| 949 |
_bBC _cTES _d-39873 _eTS1 _i84506 _si |
||
| 999 |
_c73975 _d73975 |
||